| 000 | 00625nam a22001817a 4500 | ||
|---|---|---|---|
| 005 | 20230617031734.0 | ||
| 008 | 230119b |||||||| |||| 00| 0 eng d | ||
| 020 | _a978-981-0697-30-3 | ||
| 082 | _a394.2068 W131 2009 | ||
| 100 |
_aWagen, Lynn V. _eauthor |
||
| 245 |
_aEvent management: _bfor tourism, cultural, business and sporting event / _cLynn Vander Wagen |
||
| 250 | _a3rd ed. | ||
| 260 |
_aSingapore: _bPearson Education South Asia, _cc2009. |
||
| 300 |
_axi, 424p.; _bill. |
||
| 504 | _aIncludes bibliographies and index | ||
| 541 | _e4246 c.1, 4257 c.2, 4336 c.3, 4337 c.4 | ||
| 650 | _aSpecial events - Management | ||
| 999 |
_c592 _d592 |
||